Statistics for Get you the Moon lyric quiz

Click here to take the quiz!

General Stats

  • This quiz has been taken 6 times
  • The average score is 143 of 156

Answer Stats

Answer% Correct
a
100%
And
100%
are
100%
coming
100%
could
100%
for
100%
get
100%
give
100%
I
100%
I'd
100%
if
100%
I'm
100%
it
100%
life
100%
moon
100%
my
100%
on
100%
The
100%
the
100%
to
100%
was
100%
why
100%
You
100%
you
100%
death
83%
hanging
83%
head
83%
in
83%
is
83%
reason
83%
still
83%
when
83%
above
67%
Cause
67%
fight
67%
gave
67%
giving
67%
helped
67%
losing
67%
love
67%
made
67%
me
67%
needed
67%
Oh
67%
shoulder
67%
water
67%
feeling
50%
laugh
50%
showed
50%
wasn't
50%

Score Distribution

Percentile by Number Answered

Percent of People with Each Score

Your Score History

You have not taken this quiz